| 000 | 01570nam a22002417a 4500 | ||
|---|---|---|---|
| 999 |
_c59381 _d59381 |
||
| 003 | Ge_BSU | ||
| 005 | 20230202105110.0 | ||
| 008 | 230202s2001 ge ||||| |||| 00| 0 geo d | ||
| 020 | _a9992881844 | ||
| 041 | _ageo | ||
| 080 | _a341.43 შ-52 | ||
| 245 |
_aშესავალი ლტოლვილთა საერთაშორისო სამართალში / _cრედაქტორი: ირაკლი სესიაშვილი; საქართველოს ახალგაზრდა იურისტთა ასოციაცია (საია). |
||
| 264 |
_a თბილისი : _b საია; _c2001 . |
||
| 300 |
_a300 გვ.; _b21 სმ. |
||
| 504 | _aბიბლიოგრ. გვ. 264-279 | ||
| 653 | _aლტოლვილთა სამართლის ისტორია და განვითარება | ||
| 653 | _aლტოლვილთა საერთაშორისო სამართლის წყაროები | ||
| 653 | _aლტოლვილის სტატუსის დადგენის პროცედურები | ||
| 653 | _aსაქართველოს კანონმდებლობა ლტოლვილთა შესახებ | ||
| 700 |
_aსესიაშვილი, ირაკლი _eრედაქტორი _9936 |
||
| 710 |
_aსაქართველოს ახალგაზრდა იურისტთა ასოციაცია (საია) _916851 |
||
| 942 |
_2udc _cBK |
||